| 000 | 00469nam a22001457a 4500 | ||
|---|---|---|---|
| 082 |
_a624.1821 _bAMC |
||
| 110 |
_aAmerican Institute of Steel Construction, Inc. 400 North Michigan Avenue Chicago, Illinois _943059 |
||
| 245 | _aManual of Steel Construction | ||
| 260 |
_aUSA _c1980 |
||
| 526 |
_a0 _b0 _c0 _d624_182100000000000_AMC |
||
| 526 |
_a0 _b0 _c0 _d624_182100000000000_AMC |
||
| 526 |
_a0 _b0 _c0 _d624_182100000000000_AMC |
||
| 650 |
_aMCE _9379 |
||
| 942 |
_2ddc _cBK |
||
| 999 |
_c546855 _d546855 |
||